000 00941cam a22002773a 4500
001 31809
003 PGUSA
005 20140828083704.0
008 100328s2010||||xxu|||||s|||||000 i eng d
040 _aPGUSA
_beng
042 _adc
050 4 _aPR
100 1 _aStevenson, Robert Louis,
_d1850-1894
245 1 4 _aThe Works of Robert Louis Stevenson - Swanston Edition, Vol. 24
_h[electronic resource] /
_cRobert Louis Stevenson
260 _bProject Gutenberg,
_c2010
505 0 _aThe letters of Robert Louis Stevenson, parts VII—X.
506 _aPublic domain in the USA.
516 _aElectronic text
653 _aStevenson, Robert Louis, 1850-1894 -- Correspondence
653 _aAuthors, Scottish -- 19th century -- Correspondence
700 1 _aLang, Andrew,
_d1844-1912
700 1 _aColvin, Sidney,
_d1845-1927
830 0 _aProject Gutenberg
_v31809
856 4 0 _uhttp://www.gutenberg.org/ebooks/31809
942 _cEB
999 _c261064
_d261064